|
|
|
|
| LEADER |
00000cam a2200000 7i4500 |
| 001 |
0000006478 |
| 005 |
20220105104022.0 |
| 008 |
070816 |
| 020 |
|
|
|a 1416910344
|
| 090 |
0 |
0 |
|a JP
|b ENG (4986)
|
| 100 |
1 |
|
|a Torres, Melissa
|
| 245 |
1 |
0 |
|a Dora's potty book
|c Melissa Torres
|
| 260 |
|
|
|a London :
|b Simon and Schuster ,
|c 2006
|
| 440 |
|
|
|a Dora the explorer
|
| 500 |
|
|
|a Children age 4-6 years old (yellow)
|
| 650 |
|
0 |
|a Junior preschool
|x English
|x Languages
|
| 999 |
|
|
|a 0000985123
|b Book
|c Children Collection
|e Perbadanan Perpustakaan Awam Johor
|
| 999 |
|
|
|a 0000985124
|b Book
|c Children Collection
|e Perbadanan Perpustakaan Awam Johor
|
| 999 |
|
|
|a 0000985125
|b Book
|c Children Collection
|e Perbadanan Perpustakaan Awam Johor
|